Statistics for Harry Potter Chapters

Click here to take the quiz!

General Stats

  • This quiz has been taken 18 times
  • The average score is 88 of 199

Answer Stats

Book#Name% Correct
Deathly HallowsEpilogueNineteen Years Later
100%
Chamber Of Secrets16The Chamber of Secrets
100%
Philosophers Stone5Diagon Alley
83%
Prisoner Of Azkaban1Owl Post
83%
Philosophers Stone11Quidditch
83%
Philosophers Stone1The Boy Who Lived
83%
Deathly Hallows22The Deathly Hallows
83%
Goblet Of Fire16The Goblet of Fire
83%
Half-Blood Prince9The Half-Blood Prince
83%
Order Of The Phoenix5The Order of the Phoenix
83%
Chamber Of Secrets15Aragog
67%
Goblet Of Fire15Beauxbatons and Durmstrang
67%
Half-Blood Prince14Felix Felicis
67%
Chamber Of Secrets6Gilderoy Lockhart
67%
Deathly Hallows16Godric’s Hollow
67%
Deathly Hallows26Gringotts
67%
Philosophers Stone10Halloween
67%
Deathly Hallows35King’s Cross
67%
Prisoner Of Azkaban18Moony, Wormtail, Padfoot, and Prongs
67%
Prisoner Of Azkaban22Owl Post Again
67%
Deathly Hallows25Shell Cottage
67%
Half-Blood Prince26The Cave
67%
Chamber Of Secrets8The Deathday Party
67%
Goblet Of Fire20The First Task
67%
Philosophers Stone15The Forbidden Forest
67%
Goblet Of Fire19The Hungarian Horntail
67%
Philosophers Stone3The Letters From No One
67%
Philosophers Stone17The Man with Two Faces
67%
Prisoner Of Azkaban10The Marauder's Map
67%
Philosophers Stone12The Mirror Of Erised
67%
Half-Blood Prince1The Other Minister
67%
Prisoner Of Azkaban12The Patronus
67%
Goblet Of Fire30The Pensieve
67%
Goblet Of Fire6The Portkey
67%
Philosophers Stone8The Potions Master
67%
Goblet Of Fire8The Quidditch World Cup
67%
Goblet Of Fire26The Second Task
67%
Goblet Of Fire31The Third Task
67%
Goblet Of Fire12The Triwizard Tournament
67%
Half-Blood Prince15The Unbreakable Vow
67%
Chamber Of Secrets4At Flourish and Blotts
50%
Goblet Of Fire7Bagman and Crouch
50%
Chamber Of Secrets14Cornelius Fudge
50%
Order Of The Phoenix13Detention with Dolores
50%
Order Of The Phoenix18Dumbledore’s Army
50%
Half-Blood Prince11Hermione’s Helping Hand
50%
Half-Blood Prince23Horcruxes
50%
Order Of The Phoenix10Luna Lovegood
50%
Goblet Of Fire13Mad-Eye Moody
50%
Deathly Hallows12Magic is Might
50%
Deathly Hallows23Malfoy Manor
50%
Chamber Of Secrets7Mudbloods and Murmurs
50%
Philosophers Stone14Norbert the Norwegian Ridgeback
50%
Goblet Of Fire34Priori Incantatem
50%
Order Of The Phoenix12Professor Umbridge
50%
Half-Blood Prince24Sectumsempra
50%
Half-Blood Prince2Spinner’s End
50%
Chamber Of Secrets3The Burrow
50%
Goblet Of Fire33The Death Eaters
50%
Prisoner Of Azkaban5The Dementor
50%
Order Of The Phoenix34The Department of Mysteries
50%
Deathly Hallows32The Elder Wand
50%
Prisoner Of Azkaban11The Firebolt
50%
Deathly Hallows36The Flaw in the Plan
50%
Deathly Hallows34The Forest Again
50%
Chamber Of Secrets17The Heir of Slytherin
50%
Philosophers Stone4The Keeper Of Keys
50%
Prisoner Of Azkaban3The Knight Bus
50%
Prisoner Of Azkaban4The Leaky Cauldron
50%
Deathly Hallows29The Lost Diadem
50%
Philosophers Stone9The Midnight Duel
50%
Order Of The Phoenix7The Ministry of Magic
50%
Chamber Of Secrets12The Polyjuice Potion
50%
Deathly Hallows33The Prince’s Tale
50%
Goblet Of Fire1The Riddle House
50%
Philosophers Stone7The Sorting Hat
50%
Deathly Hallows21The Tale of Three Brothers
50%
Goblet Of Fire14The Unforgivable Curses
50%
Philosophers Stone2The Vanishing Glass
50%
Goblet Of Fire18The Weighing of the Wands
50%
Half-Blood Prince30The White Tomb
50%
Chamber Of Secrets5The Whomping Willow
50%
Chamber Of Secrets1The Worst Birthday
50%
Goblet Of Fire23The Yule Ball
50%
Goblet Of Fire35Veritaserum
50%
Deathly Hallows20Xenophilius Lovegood
50%
Goblet Of Fire11Aboard the Hogwarts Express
33%
Half-Blood Prince22After the Burial
33%
Half-Blood Prince5An Excess of Phlegm
33%
Order Of The Phoenix2A Peck of Owls
33%
Deathly Hallows9A Place to Hide
33%
Half-Blood Prince17A Sluggish Memory
33%
Prisoner Of Azkaban2Aunt Marge’s Big Mistake
33%
Goblet Of Fire4Back to the Burrow
33%
Deathly Hallows17Bathilda’s Secret
33%
Order Of The Phoenix35Beyond the Veil
33%
Order Of The Phoenix29Careers Advice
33%
Prisoner Of Azkaban17Cat, Rat and Dog
33%
Order Of The Phoenix23Christmas on the Closed Ward
33%
Prisoner Of Azkaban9
Grim Defeat
33%
Prisoner Of Azkaban7
The Boggart in the Wardrobe
33%
Chamber Of Secrets18Dobby’s Reward
33%
Chamber Of Secrets2Dobby’s Warning
33%
Half-Blood Prince6Draco’s Detour
33%
Order Of The Phoenix1Dudley Demented
33%
Half-Blood Prince19Elf Tails
33%
Deathly Hallows5Fallen Warrior
33%
Order Of The Phoenix33Fight and Flight
33%
Goblet Of Fire32Flesh, Blood, and Bone
33%
Prisoner Of Azkaban8Flight of the Fat Lady
33%
Half-Blood Prince28Flight of the Prince
33%
Order Of The Phoenix30Grawp
33%
Prisoner Of Azkaban13Gryffindor Versus Ravenclaw
33%
Order Of The Phoenix20Hagrid’s Tale
33%
Prisoner Of Azkaban21Hermione's Secret
33%
Half-Blood Prince4Horace Slughorn
33%
Order Of The Phoenix16In the Hog’s Head
33%
Deathly Hallows10Kreacher’s Tale
33%
Half-Blood Prince20Lord Voldemort’s Request
33%
Goblet Of Fire10Mayhem at the Ministry
33%
Philosophers Stone13Nicholas Flamel
33%
Order Of The Phoenix4Number Twelve, Grimmuald Place
33%
Order Of The Phoenix24Occlumency
33%
Order Of The Phoenix32Out of the Fire
33%
Order Of The Phoenix31O.W.L.s
33%
Goblet Of Fire27Padfoot Returns
33%
Order Of The Phoenix14Percy and Padfoot
33%
Prisoner Of Azkaban16Professor Trelawney's Prediction
33%
Goblet Of Fire24Rita Skeeter’s Scoop
33%
Order Of The Phoenix26Seen and Unforseen
33%
Half-Blood Prince12Silver and Opals
33%
Prisoner Of Azkaban14Snape's Grudge
33%
Order Of The Phoenix28Snape’s Worst Memory
33%
Half-Blood Prince8Snape Victorious
33%
Order Of The Phoenix22St. Mungo’s Hospital for Magical Maladies and Injuries
33%
Prisoner Of Azkaban6Talons and Tea Leaves
33%
Order Of The Phoenix3The Advance Guard
33%
Deathly Hallows31The Battle of Hogwarts
33%
Goblet Of Fire37The Beginning
33%
Half-Blood Prince18The Birthday Suprises
33%
Deathly Hallows11The Bribe
33%
Order Of The Phoenix27The Centaur and The Sneak
33%
Deathly Hallows1The Dark Lord Ascending
33%
Goblet Of Fire9The Dark Mark
33%
Prisoner Of Azkaban20The Dementor's Kiss
33%
Goblet Of Fire29The Dream
33%
Chamber Of Secrets11The Dueling Club
33%
Deathly Hallows3The Dursleys Departing
33%
Goblet Of Fire25The Egg and the Eye
33%
Order Of The Phoenix21The Eye of the Snake
33%
Deathly Hallows27The Final Hiding Place
33%
Goblet Of Fire17The Four Champions
33%
Deathly Hallows6The Ghoul in Pyjamas
33%
Deathly Hallows15The Goblin’s Revenge
33%
Order Of The Phoenix8The Hearing
33%
Order Of The Phoenix15The Hogwarts High Inquisitor
33%
Goblet Of Fire21The House-Elf Liberation Front
33%
Half-Blood Prince10The House Of Gaunt
33%
Goblet Of Fire3The Invitation
33%
Philosophers Stone6The Journey from Platform Nine and Three-Quarters
33%
Deathly Hallows18The Life and Lies of Albus Dumbledore
33%
Half-Blood Prince27The Lightning-Struck Tower
33%
Order Of The Phoenix19The Lion and the Serpent
33%
Order Of The Phoenix37The Lost Prophecy
33%
Goblet Of Fire28The Madness of Mr. Crouch
33%
Deathly Hallows28The Missing Mirror
33%
Order Of The Phoenix6The Noble and Most Ancient House of Black
33%
Order Of The Phoenix36The Only One He Ever Feared
33%
Goblet Of Fire36The Parting of the Ways
33%
Half-Blood Prince29The Phoenix Lament
33%
Prisoner Of Azkaban15The Quidditch Final
33%
Chamber Of Secrets10The Rogue Bludger
33%
Deathly Hallows30The Sacking Of Severus Snape
33%
Goblet Of Fire2The Scar
33%
Half-Blood Prince13The Secret Riddle
33%
Half-Blood Prince25The Seer Overheard
33%
Prisoner Of Azkaban19The Servant of Lord Voldemort
33%
Deathly Hallows4The Seven Potters
33%
Deathly Hallows19The Silver Doe
33%
Half-Blood Prince7The Slug Club
33%
Order Of The Phoenix11The Sorting Hat’s New Song
33%
Deathly Hallows14The Thief
33%
Goblet Of Fire22The Unexpected Task
33%
Half-Blood Prince21The Unknowable Room
33%
Chamber Of Secrets13The Very Secret Diary
33%
Deathly Hallows24The Wand Maker
33%
Deathly Hallows8The Wedding
33%
Deathly Hallows7The Will of Albus Dumbledore
33%
Order Of The Phoenix9The Woes of Mrs. Weasley
33%
Chamber Of Secrets9The Writing on the Wall
33%
Philosophers Stone16Through the Trapdoor
33%
Goblet Of Fire5Weasley’s Wizard Wheezes
33%
Half-Blood Prince3Will and Won’t
33%
Half-Blood Prince16A Very Frost Christmas
17%
Order Of The Phoenix17Education Decree Number Twenty-Four
17%
Order Of The Phoenix25The Beetle at the Bay
17%
Deathly Hallows2The Memoriam
17%
Deathly Hallows13The Muggle-Born Registration Commision
17%
Order Of The Phoenix38The Second War Begins
17%

Score Distribution

Percentile by Number Answered

Percent of People with Each Score

Your Score History

You have not taken this quiz